A correlational investigation of body image, locus of control, and anxiety, with implications for health education /

Bibliographic Details
Main Author: Vojtecky, Mark Anthony
Format: Thesis Microform Book
Language:English
Published: [Place of publication not identified] : [publisher not identified] ; 1985.
Subjects:

MARC

Tag First Indicator Second Indicator Subfields
LEADER 00000cam a2200000 a 4500
001 in00000033347
005 20151007060602.0
007 he bmb|||||||
008 870428r19871985orua bb 00010 eng d
035 |a (OCoLC)15602892 
035 |9 AAC1211AM 
040 |a ORU  |c INT  |d INT  |d HPE  |d TXA  |d UtOrBLW 
049 |a TXAI 
099 |a fiche  |a C  |a 9919 
100 1 |a Vojtecky, Mark Anthony. 
245 1 2 |a A correlational investigation of body image, locus of control, and anxiety, with implications for health education /  |c by Mark Anthony Vojtecky. 
264 1 |a [Place of publication not identified] :  |b [publisher not identified] ;  |c 1985. 
300 |a ix, 61 leaves :  |b illustrations 
336 |a text  |b txt  |2 rdacontent 
337 |a microform  |b h  |2 rdamedia 
338 |a microfiche  |b he  |2 rdacarrier 
502 |b M.S.  |c Pennsylvania State University  |d 1985. 
504 |a Bibliography: leaves [46]-49. 
533 |a Microfiche.  |b Eugene :  |c Microform Publications, College of Human Development and Performance, University of Oregon,  |d 1987.  |e 1 microfiche : negative ; 11 x 15 cm. 
500 |a Microform. 
650 0 |a Body image. 
650 0 |a Control (Psychology) 
650 0 |a Anxiety. 
650 0 |a Stress (Psychology)  |x Management. 
999 |a MARS 
999 f f |s a0d973ce-453a-3aad-8099-af30eef80e3f  |i 5bf56848-2156-3221-9d5a-d48d56b02ded  |t 0 
952 f f |p normal  |a Texas A&M University  |b College Station  |c Sterling C. Evans Library  |d Evans: Microforms (3rd floor)  |t 0  |e fiche C 9919  |h Other scheme  |i microform -- microfiche  |m A14823254829 
998 f f |a fiche C 9919  |t 0  |l Evans: Microforms (3rd floor)